[Event "Let's Play Chess!"]
[Site "http://www.queenalice.com/game.php?id=826468"]
[Date "2010.9.3"]
[Round "-"]
[White "elche"]
[Black "pizza"]
[Result "0-1"]
[WhiteElo "1764"]
[BlackElo "1814"]

1. e4 e6 2. Nf3 d5 3. exd5 exd5 4. Be2 Nf6 5. O-O Bd6 6. Bb5+ c6 7. Ba4 O-O 8.
d4 h6 9. c3 Bf5 10. Nbd2 Nbd7 11. Bc2 Bxc2 12. Qxc2 Re8 13. b4 a5 14. bxa5 Qxa5
15. a4 Re2 16. Re1 Rxe1+ 17. Nxe1 Re8 18. Nef3 Re2 19. Kf1 Qa6 20. Kg1 Ng4 0-1

[Event "Let's Play Chess!"]
[Site "http://www.queenalice.com/game.php?id=826469"]
[Date "2010.9.3"]
[Round "-"]
[White "elche"]
[Black "pizza"]
[Result "0-1"]
[WhiteElo "1801"]
[BlackElo "1807"]

1. e4 d6 2. Nf3 e5 3. d4 exd4 4. Nxd4 Nf6 5. Bd3 g6 6. O-O Bg7 7. Bg5 Nc6 8.
Nxc6 bxc6 9. Nd2 O-O 10. Nf3 h6 11. Bh4 g5 12. Bg3 Nh5 13. Rb1 Nxg3 14. fxg3 Be6
15. b3 Bc3 16. h3 Qd7 17. g4 a5 18. a4 d5 19. exd5 Bxd5 20. Bf5 Qd6 21. Kh1 Qg3
22. Qd3 Bb4 23. c3 Bd6 24. c4 Bxf3 0-1

[Event "Let's Play Chess!"]
[Site "http://www.queenalice.com/game.php?id=826470"]
[Date "2010.9.3"]
[Round "-"]
[White "elche"]
[Black "pizza"]
[Result "1-0"]
[WhiteElo "1764"]
[BlackElo "1832"]

1. e4 c6 2. Nf3 d5 3. exd5 cxd5 4. Be2 Nc6 5. O-O Nf6 6. Bb5 Bg4 7. d3 e6 8.
Nbd2 Bd6 9. b3 O-O 10. Bxc6 bxc6 11. Bb2 e5 12. Qc1 e4 13. dxe4 dxe4 14. Bxf6
Qxf6 15. Nxe4 Qf4 16. Nxd6 Bxf3 17. Qxf4 1-0

[Event "Let's Play Chess!"]
[Site "http://www.queenalice.com/game.php?id=826471"]
[Date "2010.9.3"]
[Round "-"]
[White "elche"]
[Black "pizza"]
[Result "0-1"]
[WhiteElo "1780"]
[BlackElo "1635"]

1. e4 e6 2. Nf3 d5 3. exd5 exd5 4. Be2 Nf6 5. O-O Bd6 6. Re1 O-O 7. d4 Nc6 8.
Bg5 h6 9. Bh4 g5 10. Nxg5 hxg5 11. Bxg5 Re8 12. Bh5 Rxe1+ 13. Qxe1 Nxd4 14. f4
Nxc2 15. Qh4 Be7 16. Bxf6 Bxf6 17. Qg3+ Bg7 0-1

[Event "Let's Play Chess!"]
[Site "http://www.queenalice.com/game.php?id=826476"]
[Date "2010.9.3"]
[Round "-"]
[White "elche"]
[Black "pizza"]
[Result "1-0"]
[WhiteElo "1783"]
[BlackElo "1827"]

1. e4 e6 2. Nf3 c5 3. Nc3 d5 4. exd5 exd5 5. d4 Nf6 6. dxc5 Bxc5 7. Bg5 O-O 8.
Nxd5 Qxd5 9. Bxf6 Qe6+ 10. Be2 Qxf6 11. c3 Qb6 12. O-O Qxb2 13. c4 Nc6 14. Re1
Bb4 15. Rf1 Re8 16. Bd3 Bg4 17. h3 Bh5 18. g4 Bg6 19. Bxg6 1-0

[Event "Let's Play Chess!"]
[Site "http://www.queenalice.com/game.php?id=826477"]
[Date "2010.9.3"]
[Round "-"]
[White "elche"]
[Black "pizza"]
[Result "0-1"]
[WhiteElo "1764"]
[BlackElo "1744"]

1. e4 c5 2. Nc3 Nc6 3. g3 e6 4. Bg2 g6 5. Nge2 Bg7 6. d3 Nf6 7. O-O O-O 8. h3
Re8 9. Kh2 d5 10. exd5 exd5 11. f4 Qd6 12. Re1 a6 13. Rb1 Be6 14. d4 cxd4 15.
Nxd4 Nxd4 16. Be3 Nf5 17. Bd4 Nxg3 18. Bxf6 Bxf6 19. Kxg3 Bh4+ 0-1

[Event "Let's Play Chess!"]
[Site "http://www.queenalice.com/game.php?id=826760"]
[Date "2010.9.3"]
[Round "-"]
[White "elche"]
[Black "pizza"]
[Result "0-1"]
[WhiteElo "1780"]
[BlackElo "1526"]

1. e4 e6 2. d4 d5 3. exd5 exd5 4. Nf3 Nf6 5. Be2 Bd6 6. O-O O-O 7. Bg5 h6 8. Bh4
Re8 9. c3 g5 10. Nxg5 hxg5 11. Bxg5 Bf5 12. Bh5 Kg7 13. Bg4 Bxh2+ 14. Kxh2 Qd6+
15. Kg1 Nxg4 16. Qd2 Qh2# 0-1

[Event "Let's Play Chess!"]
[Site "http://www.queenalice.com/game.php?id=826762"]
[Date "2010.9.3"]
[Round "-"]
[White "elche"]
[Black "pizza"]
[Result "0-1"]
[WhiteElo "1780"]
[BlackElo "1713"]

1. e4 e6 2. d4 d5 3. exd5 exd5 4. Nf3 Nf6 5. Be2 Bd6 6. Bg5 h6 7. Bh4 O-O 8. c3
Re8 9. O-O Bf5 10. Nbd2 Nbd7 11. Bg3 Bxg3 12. fxg3 Ng4 13. Re1 Ne3 14. Qb3 Qf6
15. Rac1 Rab8 16. Nh4 Bh7 17. Nhf3 c6 0-1

[Event "Let's Play Chess!"]
[Site "http://www.queenalice.com/game.php?id=826766"]
[Date "2010.9.3"]
[Round "-"]
[White "pizza"]
[Black "elche"]
[Result "1-0"]
[WhiteElo "1677"]
[BlackElo "1780"]

1. d4 d5 2. c4 c6 3. Nc3 Nf6 4. Nf3 Bf5 5. Qb3 Qb6 6. cxd5 Qxb3 7. axb3 cxd5 8.
Nb5 Na6 9. Rxa6 bxa6 10. Nc7+ Kd8 11. Nxa8 Kc8 12. Bf4 e6 13. Nc7 Bb4+ 14. Nd2
Ne4 15. Nxa6 Bxd2+ 16. Bxd2 Nxd2 17. Kxd2 1-0

[Event "Let's Play Chess!"]
[Site "http://www.queenalice.com/game.php?id=826778"]
[Date "2010.9.3"]
[Round "-"]
[White "pizza"]
[Black "elche"]
[Result "1-0"]
[WhiteElo "1793"]
[BlackElo "1764"]

1. d4 d5 2. c4 c6 3. Nf3 Bf5 4. Nc3 e6 5. Qb3 Qb6 6. c5 Qxb3 7. axb3 Nd7 8. b4
a6 9. b5 cxb5 10. Nxb5 Kd8 11. Bf4 Ngf6 12. Bc7+ Kc8 13. Bf4 Be7 14. h3 Bd8 15.
Nd6+ Kc7 16. Nxf5+ Kc6 17. Nd6 Rf8 18. e3 a5 19. Bb5+ 1-0

[Event "Let's Play Chess!"]
[Site "http://www.queenalice.com/game.php?id=826779"]
[Date "2010.9.3"]
[Round "-"]
[White "pizza"]
[Black "elche"]
[Result "1-0"]
[WhiteElo "1824"]
[BlackElo "1801"]

1. d4 d5 2. c4 c6 3. Nf3 Nf6 4. Nc3 Bf5 5. cxd5 Nxd5 6. e3 Bg4 7. Be2 Nxc3 8.
bxc3 e6 9. Rb1 b6 10. e4 Nd7 11. d5 cxd5 12. exd5 exd5 13. Qxd5 Nf6 14. Bb5+ Nd7
15. O-O Bxf3 16. Qxf3 Be7 17. Bxd7+ Kxd7 18. Rd1+ Bd6 19. Ba3 1-0

[Event "Let's Play Chess!"]
[Site "http://www.queenalice.com/game.php?id=826808"]
[Date "2010.9.3"]
[Round "-"]
[White "elche"]
[Black "pizza"]
[Result "0-1"]
[WhiteElo "1780"]
[BlackElo "1585"]

1. e4 e6 2. Nf3 d5 3. exd5 exd5 4. Be2 Nf6 5. O-O Bd6 6. d4 O-O 7. Bg5 h6 8. Bh4
Re8 9. c3 Bf5 10. Nbd2 Nbd7 11. Bg3 Bxg3 12. fxg3 Ng4 13. Re1 Ne3 14. Qb3 c6 15.
Nf1 Nc2 0-1

[Event "Let's Play Chess!"]
[Site "http://www.queenalice.com/game.php?id=826809"]
[Date "2010.9.3"]
[Round "-"]
[White "elche"]
[Black "pizza"]
[Result "0-1"]
[WhiteElo "1764"]
[BlackElo "1770"]

1. e4 d6 2. Nf3 g6 3. Be2 Bg7 4. d4 Nf6 5. Nbd2 O-O 6. O-O c5 7. dxc5 dxc5 8.
Rb1 Nc6 9. c3 Ng4 10. h3 Nge5 11. Nxe5 Nxe5 12. Nc4 Qc7 13. Nxe5 Qxe5 14. Bf3 b6
15. Qd5 Be6 16. Qxe5 Bxe5 17. Be3 Bxa2 18. Rbd1 Bb3 19. Rc1 Rfd8 0-1

[Event "Let's Play Chess!"]
[Site "http://www.queenalice.com/game.php?id=826810"]
[Date "2010.9.3"]
[Round "-"]
[White "elche"]
[Black "pizza"]
[Result "0-1"]
[WhiteElo "1783"]
[BlackElo "1809"]

1. e4 e6 2. Nf3 d5 3. exd5 exd5 4. Be2 Nf6 5. O-O Bd6 6. Bb5+ c6 7. Ba4 O-O 8.
d4 Re8 9. Bg5 h6 10. Bh4 Bf5 11. c3 Qb6 12. Bb3 Nbd7 13. Nbd2 Bd3 14. Bg3 Bxg3
15. hxg3 Bxf1 16. Nxf1 Ng4 17. N1h2 Ndf6 18. Qd3 Re4 19. Re1 Rae8 20. Nxg4 Rxg4
21. Ne5 Re4 22. Rxe4 Nxe4 0-1

[Event "Let's Play Chess!"]
[Site "http://www.queenalice.com/game.php?id=827756"]
[Date "2010.9.5"]
[Round "-"]
[White "Xmen"]
[Black "pizza"]
[Result "0-1"]
[WhiteElo "1877"]
[BlackElo "1839"]

1. d4 d5 2. Nf3 c5 3. Bf4 Nc6 4. dxc5 Nf6 5. Nd4 e5 6. Nxc6 bxc6 7. Bxe5 Bxc5 8.
e3 O-O 9. Bd3 Re8 10. Bf4 Bg4 11. f3 Bxe3 12. Be2 Bxf4 13. fxg4 Nxg4 14. g3 Qb6
15. h3 Qf2# 0-1

[Event "Challenge"]
[Site "http://www.queenalice.com/game.php?id=830336"]
[Date "2010.9.9"]
[Round "-"]
[White "pizza"]
[Black "Martial"]
[Result "1-0"]
[WhiteElo "1857"]
[BlackElo "1515"]

1. d4 d5 2. c4 Nc6 3. Nc3 Nf6 4. Nf3 dxc4 5. d5 Nb4 6. Qa4+ c6 7. Qxb4 Nxd5 8.
Qxc4 Be6 9. Ng5 Nxc3 10. Qxc3 Qd5 11. e4 Qd7 12. f3 O-O-O 13. Bf4 Bxa2 14. Rxa2
Qd1+ 15. Kf2 h6 16. Qxc6+ bxc6 17. Ba6+ Kd7 18. Rxd1+ Ke8 19. Rxd8+ Kxd8 20.
Nxf7+ Ke8 21. Nxh8 c5 22. Bb5+ Kd8 23. Rxa7 e6 24. Nf7+ Kc8 25. Bd7# 1-0